000 00392 a2200169 4500
001 58900
020 _a8526249304
040 _cAnchieta - Pituba
100 _aDelboni, Henrique
240 1 0 _aGeografia para todos, 6ª série
_lpor
245 1 0 _aGeografia para todos, 6ª série
300 _a215
362 0 _a2003
440 1 _aScipione
650 4 _aGeografia e viagens
942 _cBK
999 _c58900
_d58900